000 00494cam a22001217a 4500
008 180718b1977 xxu||||| |||| 00| 0 eng d
082 _aA81x54 In2/71/26/PT2A&B/1&D
100 _aCensus of India 1971
245 _aDadra and Nagar Haveli: general population tables, economic tables, social & cultural tables & migration tables
260 _aDelhi
_bThe Controller of Publications
_c1977
300 _a378+p.
440 _aCensus of India 1971. Series-26, Dadra & Nagar Haveli. Part II-A & B (i) & D
999 _c485599
_d485599